'Boston' Studio Albums - Statistics

General Stats
  • This quiz has been taken 4 times
  • The average score is 3 of 6
Answer Stats
Year Album Title % Correct
1976 Boston
100%
1978 Don't Look Back
100%
1986 Third Stage
67%
2002 Corporate America
0%
2013 Life, Love & Hope
0%
1994 Walk On
0%
No matching quizzes found
Score Distribution
Percent of People with Each Score
Percentile by Number Answered
Your Score History
You have not taken this quiz